| 000 | 00736nam a2200229 i 4500 | ||
|---|---|---|---|
| 001 | 18096 | ||
| 003 | ES-MaACL | ||
| 005 | 20240417063029.0 | ||
| 007 | t| | ||
| 008 | 010820s2001 sp ||||1| spa d | ||
| 020 | _a84-264-2832-0 | ||
| 080 | _a821.134.2-14"19" | ||
| 100 | 0 |
_aLizano, Jesús, _d1931-2015 _972607 |
|
| 245 | 1 | 0 |
_aLizania _b: aventura poética (1945-2000) : obra poética completa / _cJesús Lizano. |
| 250 | _a1ª ed. | ||
| 260 |
_aBarcelona : _bLumen, _c2001. |
||
| 300 |
_a1741 p. : _b1 retr. ; _c22 cm. |
||
| 490 | 1 | _aPoesía (Editorial Lumen | |
| 830 | 0 |
_aPoesía (Editorial Lumen) _9180356 |
|
| 852 |
_aES-MaACL _jL-24823 _bR.130372 _q. - Ded. autógr. del autor |
||
| 999 |
_c18096 _d18096 |
||